[Event "DVM U16w 2023"]
[Site "Magdeburg GER"]
[Date "2023.12.29"]
[Round "6"]
[White "Melnyk, Viktoria"]
[Black "Schmidt, Emelie"]
[Result "0-1"]
[Termination "normal"]
[Board "10.2"]
[WhiteElo "989"]
[BlackElo "1189"]
[WhiteClock "00:04:32"]
[BlackClock "00:32:08"]
[WhiteTeam "SC Bad Dürkheim-Wachenheim"]
[BlackTeam "SV Stuttgart-Wolfbusch 1956"]
[PlyCount "76"]
[WhiteFideId "34674381"]
[BlackFideId "34682490"]
[EventCountry "GER"]
[EventRounds "7"]
[EventType "team-swiss"]
[EventDate "2023.12.26"]

1. e4 {[%clk 01:30:57]} {[%emt 00:00:03]} d5 {[%clk 01:30:55]} {[%emt
00:00:06]} 2. exd5 {[%clk 01:31:09]} {[%emt 00:00:17]} Qxd5 {[%clk 01:31:20]}
{[%emt 00:00:05]} 3. Nc3 {[%clk 01:31:01]} {[%emt 00:00:39]} Qd8 {[%clk
01:31:46]} {[%emt 00:00:04]} 4. Nf3 {[%clk 01:29:45]} {[%emt 00:01:46]} Bg4
{[%clk 01:32:02]} {[%emt 00:00:13]} 5. Be2 {[%clk 01:29:49]} {[%emt 00:00:27]}
Nf6 {[%clk 01:32:16]} {[%emt 00:00:16]} 6. h3 {[%clk 01:29:30]} {[%emt
00:00:48]} Bh5 {[%clk 01:32:28]} {[%emt 00:00:17]} 7. O-O {[%clk 01:28:04]}
{[%emt 00:01:55]} e6 {[%clk 01:32:09]} {[%emt 00:00:51]} 8. d4 {[%clk
01:27:30]} {[%emt 00:01:02]} Be7 {[%clk 01:32:14]} {[%emt 00:00:27]} 9. Ne5
{[%clk 01:21:48]} {[%emt 00:06:10]} Bxe2 {[%clk 01:31:46]} {[%emt 00:00:59]}
10. Nxe2 {[%clk 01:22:00]} {[%emt 00:00:17]} Nbd7 {[%clk 01:31:47]} {[%emt
00:00:29]} 11. Bf4 {[%clk 01:18:34]} {[%emt 00:03:50]} O-O {[%clk 01:30:02]}
{[%emt 00:02:21]} 12. c3 {[%clk 01:12:19]} {[%emt 00:06:44]} c5 {[%clk
01:27:35]} {[%emt 00:02:58]} 13. Qd3 {[%clk 01:03:23]} {[%emt 00:09:23]} cxd4
{[%clk 01:23:26]} {[%emt 00:04:42]} 14. cxd4 {[%clk 01:02:48]} {[%emt
00:01:04]} Nxe5 {[%clk 01:22:51]} {[%emt 00:01:06]} 15. Bxe5 {[%clk 01:02:50]}
{[%emt 00:00:28]} Rc8 {[%clk 01:21:57]} {[%emt 00:01:23]} 16. Rac1 {[%clk
00:56:46]} {[%emt 00:06:35]} Qd5 {[%clk 01:18:55]} {[%emt 00:03:30]} 17. b3
{[%clk 00:46:25]} {[%emt 00:10:54]} a6 {[%clk 01:12:35]} {[%emt 00:06:50]} 18.
Qg3 {[%clk 00:37:46]} {[%emt 00:09:07]} Qe4 {[%clk 01:07:15]} {[%emt 00:05:46]}
19. Nc3 {[%clk 00:27:36]} {[%emt 00:10:46]} Qf5 {[%clk 00:59:06]} {[%emt
00:08:38]} 20. Na4 {[%clk 00:24:02]} {[%emt 00:04:04]} Nh5 {[%clk 00:58:00]}
{[%emt 00:01:34]} 21. Qe3 {[%clk 00:21:06]} {[%emt 00:03:26]} Bg5 {[%clk
00:57:49]} {[%emt 00:00:42]} 22. f4 {[%clk 00:20:04]} {[%emt 00:01:32]} Bh6
{[%clk 00:51:52]} {[%emt 00:06:27]} 23. Rf3 {[%clk 00:15:45]} {[%emt 00:04:48]}
Nf6 {[%clk 00:41:27]} {[%emt 00:10:58]} 24. Kh2 {[%clk 00:12:29]} {[%emt
00:03:46]} Qh5 {[%clk 00:34:57]} {[%emt 00:06:58]} 25. Bxf6 {[%clk 00:10:59]}
{[%emt 00:02:01]} gxf6 {[%clk 00:35:06]} {[%emt 00:00:21]} 26. Qd2 {[%clk
00:09:06]} {[%emt 00:02:18]} Qf5 {[%clk 00:32:19]} {[%emt 00:03:21]} 27. Rxc8
{[%clk 00:08:30]} {[%emt 00:01:06]} Rxc8 {[%clk 00:32:35]} {[%emt 00:00:16]}
28. Nb6 {[%clk 00:08:15]} {[%emt 00:00:43]} Rc6 {[%clk 00:32:21]} {[%emt
00:00:43]} 29. Nc4 {[%clk 00:06:53]} {[%emt 00:01:52]} b5 {[%clk 00:31:45]}
{[%emt 00:01:07]} 30. Nb2 {[%clk 00:06:37]} {[%emt 00:00:46]} Rc2 {[%clk
00:31:47]} {[%emt 00:00:28]} 31. Qa5 {[%clk 00:05:24]} {[%emt 00:01:42]} Bxf4+
{[%clk 00:30:04]} {[%emt 00:02:14]} 32. Kg1 {[%clk 00:04:45]} {[%emt 00:01:08]}
Rc1+ {[%clk 00:30:20]} {[%emt 00:00:17]} 33. Rf1 {[%clk 00:04:46]} {[%emt
00:00:28]} Be3+ {[%clk 00:30:31]} {[%emt 00:00:16]} 34. Kh2 {[%clk 00:04:22]}
{[%emt 00:00:55]} Qxf1 {[%clk 00:30:42]} {[%emt 00:00:21]} 35. Qd8+ {[%clk
00:03:56]} {[%emt 00:00:56]} Kg7 {[%clk 00:31:01]} {[%emt 00:00:12]} 36. Qd6
{[%clk 00:04:02]} {[%emt 00:00:16]} Bf4+ {[%clk 00:31:21]} {[%emt 00:00:19]}
37. Qxf4 {[%clk 00:04:15]} {[%emt 00:00:17]} Qxf4+ {[%clk 00:31:44]} {[%emt
00:00:06]} 38. g3 {[%clk 00:04:32]} {[%emt 00:00:13]} Qf2# {[%clk 00:32:08]}
{[%emt 00:00:06]} 0-1

[Event "DVM U16w 2023"]
[Site "Magdeburg GER"]
[Date "2023.12.29"]
[Round "6"]
[White "Schmidt, Sophie"]
[Black "Dzutseva, Alana"]
[Result "1-0"]
[Termination "normal"]
[Board "10.3"]
[WhiteElo "1167"]
[BlackElo "897"]
[WhiteClock "00:32:36"]
[BlackClock "00:03:54"]
[WhiteTeam "SV Stuttgart-Wolfbusch 1956"]
[BlackTeam "SC Bad Dürkheim-Wachenheim"]
[PlyCount "118"]
[WhiteFideId "34682503"]
[BlackFideId "34674365"]
[EventCountry "GER"]
[EventRounds "7"]
[EventType "team-swiss"]
[EventDate "2023.12.26"]

1. d4 {[%clk 01:30:57]} {[%emt 00:00:02]} d5 {[%clk 01:30:58]} {[%emt
00:00:03]} 2. Nf3 {[%clk 01:31:22]} {[%emt 00:00:05]} Nc6 {[%clk 01:31:13]}
{[%emt 00:00:14]} 3. Bf4 {[%clk 01:31:21]} {[%emt 00:00:31]} Nf6 {[%clk
01:30:44]} {[%emt 00:01:00]} 4. e3 {[%clk 01:31:16]} {[%emt 00:00:35]} Bf5
{[%clk 01:27:41]} {[%emt 00:03:33]} 5. Bb5 {[%clk 01:31:15]} {[%emt 00:00:30]}
a6 {[%clk 01:26:33]} {[%emt 00:01:39]} 6. Bxc6+ {[%clk 01:31:35]} {[%emt
00:00:10]} bxc6 {[%clk 01:26:56]} {[%emt 00:00:07]} 7. O-O {[%clk 01:31:53]}
{[%emt 00:00:11]} Rb8 {[%clk 01:25:10]} {[%emt 00:02:17]} 8. b3 {[%clk
01:30:53]} {[%emt 00:01:30]} e6 {[%clk 01:25:04]} {[%emt 00:00:36]} 9. h3
{[%clk 01:30:35]} {[%emt 00:00:48]} c5 {[%clk 01:23:24]} {[%emt 00:02:10]} 10.
c3 {[%clk 01:30:09]} {[%emt 00:00:56]} cxd4 {[%clk 01:20:58]} {[%emt 00:02:55]}
11. exd4 {[%clk 01:29:14]} {[%emt 00:01:26]} Nh5 {[%clk 01:17:45]} {[%emt
00:03:43]} 12. Bh2 {[%clk 01:28:23]} {[%emt 00:01:20]} Be4 {[%clk 01:12:14]}
{[%emt 00:06:00]} 13. Nbd2 {[%clk 01:24:14]} {[%emt 00:04:41]} Bd3 {[%clk
01:08:37]} {[%emt 00:04:05]} 14. Re1 {[%clk 01:23:50]} {[%emt 00:00:56]} Bd6
{[%clk 01:08:08]} {[%emt 00:00:56]} 15. Ne5 {[%clk 01:23:25]} {[%emt 00:00:58]}
f6 {[%clk 01:06:19]} {[%emt 00:02:19]} 16. Nc6 {[%clk 01:22:56]} {[%emt
00:00:59]} Bxh2+ {[%clk 01:06:11]} {[%emt 00:00:38]} 17. Kxh2 {[%clk 01:22:51]}
{[%emt 00:00:35]} Qd6+ {[%clk 01:06:29]} {[%emt 00:00:11]} 18. Kg1 {[%clk
01:23:06]} {[%emt 00:00:14]} Qxc6 {[%emt 00:01:03]} 19. Qxh5+ {[%clk 01:23:17]}
{[%emt 00:00:14]} Bg6 {[%clk 01:05:22]} {[%emt 00:01:07]} 20. Qf3 {[%clk
01:22:31]} {[%emt 00:01:18]} O-O {[%clk 01:05:10]} {[%emt 00:00:42]} 21. Qe3
{[%clk 01:19:50]} {[%emt 00:03:12]} Rbe8 {[%clk 01:03:08]} {[%emt 00:02:32]}
22. Rac1 {[%clk 01:04:52]} {[%emt 00:15:27]} e5 {[%clk 00:59:03]} {[%emt
00:04:35]} 23. c4 {[%clk 00:55:29]} {[%emt 00:09:54]} exd4 {[%clk 00:56:06]}
{[%emt 00:03:25]} 24. Qxd4 {[%clk 00:55:34]} {[%emt 00:00:26]} Rxe1+ {[%clk
00:55:45]} {[%emt 00:00:51]} 25. Rxe1 {[%clk 00:55:58]} {[%emt 00:00:06]} dxc4
{[%clk 00:55:22]} {[%emt 00:00:54]} 26. Qxc4+ {[%clk 00:56:01]} {[%emt
00:00:26]} Qxc4 {[%clk 00:54:50]} {[%emt 00:01:02]} 27. Nxc4 {[%clk 00:54:35]}
{[%emt 00:01:57]} Ra8 {[%clk 00:54:16]} {[%emt 00:00:58]} 28. b4 {[%clk
00:53:33]} {[%emt 00:01:38]} Rc8 {[%clk 00:52:54]} {[%emt 00:01:48]} 29. a3
{[%clk 00:52:38]} {[%emt 00:01:28]} c5 {[%clk 00:51:26]} {[%emt 00:01:58]} 30.
Nd6 {[%clk 00:47:56]} {[%emt 00:05:13]} Rc6 {[%clk 00:48:59]} {[%emt 00:02:53]}
31. bxc5 {[%clk 00:47:18]} {[%emt 00:01:11]} Rxc5 {[%clk 00:48:52]} {[%emt
00:00:38]} 32. Re3 {[%clk 00:45:23]} {[%emt 00:02:25]} Rd5 {[%clk 00:46:59]}
{[%emt 00:02:23]} 33. Ne4 {[%clk 00:42:06]} {[%emt 00:03:46]} Rd1+ {[%clk
00:45:57]} {[%emt 00:01:31]} 34. Kh2 {[%clk 00:41:28]} {[%emt 00:01:10]} Ra1
{[%clk 00:41:14]} {[%emt 00:05:08]} 35. Nc5 {[%clk 00:41:18]} {[%emt 00:00:46]}
a5 {[%clk 00:40:06]} {[%emt 00:01:37]} 36. Nb3 {[%clk 00:40:15]} {[%emt
00:01:34]} Rxa3 {[%clk 00:40:08]} {[%emt 00:00:27]} 37. Rc3 {[%clk 00:39:57]}
{[%emt 00:00:48]} a4 {[%clk 00:38:01]} {[%emt 00:02:38]} 38. Rc8+ {[%emt
00:02:06]} Kf7 {[%clk 00:36:47]} {[%emt 00:00:01]} 39. Nc5 {[%clk 00:38:21]}
{[%emt 00:02:12]} Rc3 {[%clk 00:36:13]} {[%emt 00:01:05]} 40. Rc7+ {[%clk
00:37:03]} {[%emt 00:01:48]} Ke8 {[%clk 00:34:48]} {[%emt 00:01:32]} 41. Rc8+
{[%clk 00:37:26]} {[%emt 00:00:29]} Ke7 {[%clk 00:34:17]} {[%emt 00:01:00]} 42.
Rc7+ {[%clk 00:37:30]} {[%emt 00:00:28]} Ke8 {[%clk 00:26:45]} {[%emt
00:07:59]} 43. Rc8+ {[%clk 00:37:34]} {[%emt 00:00:29]} Ke7 {[%clk 00:24:26]}
{[%emt 00:02:48]} 44. Rc7+ {[%clk 00:37:13]} {[%emt 00:00:52]} Kd6 {[%clk
00:23:40]} {[%emt 00:01:13]} 45. Ne4+ {[%clk 00:37:19]} {[%emt 00:00:25]} Kxc7
{[%clk 00:23:50]} {[%emt 00:00:22]} 46. Nxc3 {[%emt 00:00:22]} Be8 {[%clk
00:23:50]} {[%emt 00:00:15]} 47. Kg1 {[%clk 00:37:10]} {[%emt 00:01:02]} a3
{[%clk 00:23:37]} {[%emt 00:00:44]} 48. Na2 {[%clk 00:37:26]} {[%emt 00:00:13]}
Bf7 {[%clk 00:23:28]} {[%emt 00:00:39]} 49. Nb4 {[%clk 00:37:46]} {[%emt
00:00:10]} a2 {[%clk 00:23:45]} {[%emt 00:00:15]} 50. Nc2 {[%clk 00:38:10]}
{[%emt 00:00:04]} Kc6 {[%clk 00:19:23]} {[%emt 00:04:51]} 51. Kf1 {[%clk
00:37:39]} {[%emt 00:01:01]} Kc5 {[%clk 00:19:25]} {[%emt 00:00:28]} 52. Ke2
{[%clk 00:37:48]} {[%emt 00:00:21]} Kc4 {[%clk 00:19:32]} {[%emt 00:00:23]} 53.
Kd2 {[%clk 00:37:27]} {[%emt 00:00:51]} Kb3 {[%clk 00:19:30]} {[%emt 00:00:33]}
54. Kc1 {[%clk 00:37:46]} {[%emt 00:00:11]} a1=Q+ {[%clk 00:19:44]} {[%emt
00:00:16]} 55. Nxa1+ {[%clk 00:38:04]} {[%emt 00:00:12]} Kc3 {[%clk 00:15:09]}
{[%emt 00:05:01]} 56. Nc2 {[%clk 00:38:08]} {[%emt 00:00:30]} h5 {[%clk
00:09:04]} {[%emt 00:06:34]} 57. Ne3 {[%clk 00:36:18]} {[%emt 00:02:21]} g5
{[%clk 00:06:43]} {[%emt 00:02:49]} 58. Kd1 {[%clk 00:33:26]} {[%emt 00:03:24]}
Kd3 {[%clk 00:06:08]} {[%emt 00:01:04]} 59. Nf5 {[%clk 00:32:36]} {[%emt
00:01:21]} Be8 {[%clk 00:03:54]} {[%emt 00:02:33]} *

[Event "DVM U16w 2023"]
[Site "Magdeburg GER"]
[Date "2023.12.29"]
[Round "6"]
[White "Dzutseva, Dana"]
[Black "Friedrich, Viktoria"]
[Result "1-0"]
[Termination "normal"]
[Board "10.4"]
[WhiteElo "797"]
[BlackElo "748"]
[WhiteClock "01:10:43"]
[BlackClock "00:30:21"]
[WhiteTeam "SC Bad Dürkheim-Wachenheim"]
[BlackTeam "SV Stuttgart-Wolfbusch 1956"]
[PlyCount "137"]
[WhiteFideId "34674373"]
[BlackFideId "34654569"]
[EventCountry "GER"]
[EventRounds "7"]
[EventType "team-swiss"]
[EventDate "2023.12.26"]

1. e4 {[%clk 01:30:55]} {[%emt 00:00:04]} e5 {[%clk 01:30:55]} {[%emt
00:00:07]} 2. Nf3 {[%clk 01:31:20]} {[%emt 00:00:05]} Nc6 {[%clk 01:31:21]}
{[%emt 00:00:04]} 3. Nc3 {[%clk 01:31:38]} {[%emt 00:00:12]} Nf6 {[%clk
01:31:42]} {[%emt 00:00:09]} 4. d4 {[%clk 01:31:50]} {[%emt 00:00:18]} exd4
{[%clk 01:31:25]} {[%emt 00:00:47]} 5. Nxd4 {[%clk 01:32:08]} {[%emt 00:00:11]}
d6 {[%clk 01:31:13]} {[%emt 00:00:40]} 6. Bb5 {[%clk 01:31:44]} {[%emt
00:00:56]} Bg4 {[%clk 01:31:08]} {[%emt 00:00:35]} 7. Qd3 {[%clk 01:31:22]}
{[%emt 00:00:51]} d5 {[%clk 01:30:23]} {[%emt 00:01:15]} 8. e5 {[%clk
01:31:19]} {[%emt 00:00:34]} Nd7 {[%clk 01:29:13]} {[%emt 00:01:39]} 9. Nxd5
{[%emt 00:01:25]} Ndxe5 {[%clk 01:28:30]} {[%emt 00:00:38]} 10. Qe3 {[%clk
01:31:09]} {[%emt 00:00:19]} Bd6 {[%clk 01:27:25]} {[%emt 00:01:34]} 11. Nxc6
{[%clk 01:31:03]} {[%emt 00:00:36]} bxc6 {[%clk 01:27:16]} {[%emt 00:00:41]}
12. Bxc6+ {[%clk 01:31:24]} {[%emt 00:00:08]} Bd7 {[%clk 01:26:05]} {[%emt
00:01:41]} 13. Bxa8 {[%clk 01:31:44]} {[%emt 00:00:12]} Qxa8 {[%clk 01:25:58]}
{[%emt 00:00:36]} 14. Nf4 {[%clk 01:31:04]} {[%emt 00:01:09]} O-O {[%clk
01:25:21]} {[%emt 00:01:08]} 15. O-O {[%clk 01:30:37]} {[%emt 00:00:57]} Ng4
{[%clk 01:24:51]} {[%emt 00:00:59]} 16. Qg3 {[%clk 01:29:09]} {[%emt 00:01:59]}
Bxf4 {[%clk 01:21:56]} {[%emt 00:03:26]} 17. Bxf4 {[%clk 01:29:16]} {[%emt
00:00:22]} Qb7 {[%clk 01:19:38]} {[%emt 00:02:49]} 18. h3 {[%clk 01:28:52]}
{[%emt 00:00:52]} Nf6 {[%clk 01:15:02]} {[%emt 00:05:08]} 19. Bxc7 {[%clk
01:27:45]} {[%emt 00:01:37]} Ne4 {[%clk 01:14:09]} {[%emt 00:01:24]} 20. Qf3
{[%clk 01:27:49]} {[%emt 00:00:24]} Bc6 {[%clk 01:12:09]} {[%emt 00:02:30]} 21.
Be5 {[%clk 01:26:06]} {[%emt 00:02:14]} f6 {[%clk 01:08:46]} {[%emt 00:03:53]}
22. Bd4 {[%clk 01:25:07]} {[%emt 00:01:28]} Nd2 {[%clk 01:06:28]} {[%emt
00:02:47]} 23. Qd3 {[%clk 01:22:35]} {[%emt 00:03:02]} Nxf1 {[%clk 01:05:46]}
{[%emt 00:01:14]} 24. Qb3+ {[%clk 01:21:59]} {[%emt 00:01:05]} Bd5 {[%clk
01:02:38]} {[%emt 00:03:39]} 25. Qxb7 {[%clk 01:21:59]} {[%emt 00:00:30]} Bxb7
{[%clk 01:02:53]} {[%emt 00:00:15]} 26. Rxf1 {[%clk 01:22:16]} {[%emt
00:00:13]} a5 {[%clk 01:01:50]} {[%emt 00:01:33]} 27. a3 {[%clk 01:21:52]}
{[%emt 00:00:55]} a4 {[%clk 01:01:30]} {[%emt 00:00:49]} 28. b3 {[%clk
01:21:36]} {[%emt 00:00:46]} Bc6 {[%clk 01:00:59]} {[%emt 00:01:01]} 29. b4
{[%clk 01:21:37]} {[%emt 00:00:28]} Rd8 {[%clk 01:00:43]} {[%emt 00:00:45]} 30.
Bb6 {[%clk 01:21:23]} {[%emt 00:00:46]} Rd2 {[%clk 00:59:42]} {[%emt 00:01:28]}
31. c4 {[%clk 01:21:38]} {[%emt 00:00:18]} Rd3 {[%clk 00:59:39]} {[%emt
00:00:18]} 32. Ra1 {[%clk 01:21:44]} {[%emt 00:00:37]} Rc3 {[%emt 00:02:19]}
33. c5 {[%emt 00:00:14]} Rc4 {[%clk 00:56:06]} {[%emt 00:01:26]} 34. Rb1 {[%clk
01:20:15]} {[%emt 00:02:03]} Rf4 {[%clk 00:55:24]} {[%emt 00:01:08]} 35. b5
{[%clk 01:20:04]} {[%emt 00:00:46]} Be4 {[%clk 00:54:47]} {[%emt 00:01:05]} 36.
Bc7 {[%clk 01:20:05]} {[%emt 00:00:31]} Rf5 {[%clk 00:53:56]} {[%emt 00:01:15]}
37. c6 {[%emt 00:02:42]} Rg5 {[%clk 00:52:55]} {[%emt 00:00:16]} 38. g3 {[%clk
01:19:17]} {[%emt 00:00:26]} Bxb1 {[%clk 00:52:30]} {[%emt 00:00:56]} 39. b6
{[%clk 01:19:20]} {[%emt 00:00:26]} Rd5 {[%clk 00:50:47]} {[%emt 00:02:11]} 40.
b7 {[%clk 01:18:40]} {[%emt 00:01:13]} Rd1+ {[%clk 00:50:49]} {[%emt 00:00:28]}
41. Kh2 {[%clk 01:18:51]} {[%emt 00:00:17]} Be4 {[%clk 00:49:32]} {[%emt
00:01:48]} 42. g4 {[%clk 01:18:13]} {[%emt 00:01:08]} h5 {[%clk 00:48:03]}
{[%emt 00:01:59]} 43. b8=Q+ {[%emt 00:00:36]} Kh7 {[%emt 00:00:16]} 44. Qb5
{[%clk 01:16:40]} {[%emt 00:01:07]} hxg4 {[%emt 00:00:20]} 45. hxg4 {[%emt
00:01:24]} Rh1+ {[%clk 00:45:58]} {[%emt 00:00:55]} 46. Kg3 {[%clk 01:16:52]}
{[%emt 00:00:17]} Rg1+ {[%clk 00:45:44]} {[%emt 00:00:46]} 47. Kh3 {[%clk
01:16:11]} {[%emt 00:01:08]} g5 {[%clk 00:43:52]} {[%emt 00:02:24]} 48. Qxa4
{[%clk 01:14:01]} {[%emt 00:02:41]} Rh1+ {[%clk 00:37:08]} {[%emt 00:07:14]}
49. Bh2 {[%clk 01:13:43]} {[%emt 00:00:47]} Bf3 {[%clk 00:34:54]} {[%emt
00:02:41]} 50. Qc2+ {[%clk 01:13:15]} {[%emt 00:01:00]} Kg7 {[%clk 00:34:23]}
{[%emt 00:01:04]} 51. c7 {[%clk 01:13:31]} {[%emt 00:00:14]} Rf1 {[%clk
00:31:45]} {[%emt 00:03:08]} 52. Qd3 {[%clk 01:11:35]} {[%emt 00:02:25]} Rxf2
{[%clk 00:29:34]} {[%emt 00:02:41]} 53. c8=Q {[%emt 00:00:47]} f5 {[%emt
00:01:28]} 54. Qcxf5 {[%clk 01:08:51]} {[%emt 00:00:53]} Bg2+ {[%clk 00:29:22]}
{[%emt 00:00:47]} 55. Kg3 {[%clk 01:08:43]} {[%emt 00:00:39]} Rxf5 {[%clk
00:29:37]} {[%emt 00:00:14]} 56. Qxf5 {[%clk 01:08:48]} {[%emt 00:00:25]} Bc6
{[%clk 00:29:30]} {[%emt 00:00:36]} 57. Qxg5+ {[%clk 01:09:03]} {[%emt
00:00:16]} Kf7 {[%clk 00:29:13]} {[%emt 00:00:48]} 58. Qc5 {[%clk 01:08:47]}
{[%emt 00:00:44]} Bh1 {[%clk 00:29:07]} {[%emt 00:00:37]} 59. a4 {[%clk
01:08:45]} {[%emt 00:00:34]} Ba8 {[%clk 00:29:17]} {[%emt 00:00:18]} 60. a5
{[%clk 01:09:07]} {[%emt 00:00:10]} Bb7 {[%clk 00:29:34]} {[%emt 00:00:13]} 61.
Qc7+ {[%clk 01:09:03]} {[%emt 00:00:34]} Ke6 {[%clk 00:29:49]} {[%emt
00:00:13]} 62. Qxb7 {[%clk 01:09:28]} {[%emt 00:00:07]} Ke5 {[%clk 00:30:10]}
{[%emt 00:00:07]} 63. a6 {[%clk 01:09:46]} {[%emt 00:00:14]} Kf6 {[%clk
00:30:26]} {[%emt 00:00:12]} 64. Qb5 {[%clk 01:10:07]} {[%emt 00:00:10]} Ke7
{[%clk 00:30:49]} {[%emt 00:00:06]} 65. a7 {[%clk 01:10:29]} {[%emt 00:00:09]}
Ke6 {[%clk 00:30:59]} {[%emt 00:00:19]} 66. a8=R {[%clk 01:10:40]} {[%emt
00:00:19]} Ke7 {[%clk 00:30:32]} {[%emt 00:00:55]} 67. Qb6 {[%clk 01:10:46]}
{[%emt 00:00:28]} Kf7 {[%clk 00:30:52]} {[%emt 00:00:10]} 68. Ra7+ {[%clk
01:11:05]} {[%emt 00:00:11]} Kf8 {[%clk 00:30:21]} {[%emt 00:01:01]} 69. Qb8#
{[%clk 01:10:43]} {[%emt 00:00:12]} 1-0

[Event "DVM U16w 2023"]
[Site "Magdeburg GER"]
[Date "2023.12.30"]
[Round "7"]
[White "Trunz, Tamila"]
[Black "Jacobasch, Ronja"]
[Result "1-0"]
[Termination "normal"]
[Board "1.1"]
[WhiteElo "1766"]
[BlackElo "1607"]
[WhiteClock "00:20:58"]
[BlackClock "00:10:43"]
[WhiteTeam "SG Porz"]
[BlackTeam "SSV Altenberg"]
[PlyCount "53"]
[WhiteFideId "16267885"]
[BlackFideId "34604340"]
[EventCountry "GER"]
[EventRounds "7"]
[EventType "team-swiss"]
[EventDate "2023.12.26"]

1. e4 {[%clk 01:30:56]} {[%emt 00:00:03]} d5 {[%clk 01:30:56]} {[%emt
00:00:04]} 2. exd5 {[%clk 01:31:21]} {[%emt 00:00:05]} Qxd5 {[%clk 01:31:20]}
{[%emt 00:00:06]} 3. Nc3 {[%clk 01:31:41]} {[%emt 00:00:10]} Qd8 {[%clk
01:31:46]} {[%emt 00:00:05]} 4. d4 {[%clk 01:31:58]} {[%emt 00:00:12]} Nf6
{[%clk 01:32:09]} {[%emt 00:00:08]} 5. Nf3 {[%clk 01:32:16]} {[%emt 00:00:11]}
Bg4 {[%clk 01:32:12]} {[%emt 00:00:27]} 6. h3 {[%clk 01:32:34]} {[%emt
00:00:12]} Bxf3 {[%clk 01:31:49]} {[%emt 00:00:53]} 7. Qxf3 {[%clk 01:32:57]}
{[%emt 00:00:07]} c6 {[%clk 01:31:58]} {[%emt 00:00:20]} 8. Be3 {[%clk
01:32:06]} {[%emt 00:01:22]} e6 {[%clk 01:30:31]} {[%emt 00:01:57]} 9. Bd3
{[%clk 01:28:25]} {[%emt 00:04:11]} Nbd7 {[%clk 01:27:52]} {[%emt 00:03:09]}
10. O-O-O {[%clk 01:22:50]} {[%emt 00:06:06]} Bb4 {[%clk 01:23:36]} {[%emt
00:04:44]} 11. Ne2 {[%clk 01:18:29]} {[%emt 00:04:51]} Qc7 {[%clk 01:15:36]}
{[%emt 00:08:31]} 12. c3 {[%clk 01:11:33]} {[%emt 00:07:26]} Bd6 {[%clk
01:12:59]} {[%emt 00:03:06]} 13. g4 {[%clk 01:09:10]} {[%emt 00:02:53]} Nd5
{[%clk 01:07:17]} {[%emt 00:06:12]} 14. Kb1 {[%clk 01:06:17]} {[%emt 00:03:23]}
f6 {[%clk 01:01:57]} {[%emt 00:05:51]} 15. Bd2 {[%clk 01:02:48]} {[%emt
00:03:59]} Ne7 {[%clk 00:50:24]} {[%emt 00:12:02]} 16. Rhe1 {[%clk 00:56:42]}
{[%emt 00:06:36]} e5 {[%clk 00:42:42]} {[%emt 00:08:13]} 17. c4 {[%clk
00:50:50]} {[%emt 00:06:22]} Ng6 {[%clk 00:38:51]} {[%emt 00:04:21]} 18. h4
{[%clk 00:45:28]} {[%emt 00:05:52]} c5 {[%clk 00:31:43]} {[%emt 00:07:38]} 19.
Bxg6+ {[%clk 00:29:58]} {[%emt 00:16:00]} hxg6 {[%clk 00:31:25]} {[%emt
00:00:48]} 20. Nf4 {[%clk 00:29:10]} {[%emt 00:01:19]} Nf8 {[%clk 00:21:58]}
{[%emt 00:09:56]} 21. dxe5 {[%clk 00:27:09]} {[%emt 00:02:30]} fxe5 {[%clk
00:19:53]} {[%emt 00:02:36]} 22. Bc3 {[%clk 00:26:13]} {[%emt 00:01:25]} O-O-O
{[%clk 00:18:06]} {[%emt 00:02:17]} 23. Nd5 {[%clk 00:25:53]} {[%emt 00:00:50]}
Qc6 {[%clk 00:16:30]} {[%emt 00:02:07]} 24. Bxe5 {[%clk 00:24:18]} {[%emt
00:02:05]} Kb8 {[%clk 00:14:36]} {[%emt 00:02:24]} 25. Bxg7 {[%clk 00:23:24]}
{[%emt 00:01:23]} Rh7 {[%clk 00:13:15]} {[%emt 00:01:52]} 26. Qf6 {[%clk
00:21:16]} {[%emt 00:02:38]} Rc8 {[%clk 00:10:43]} {[%emt 00:03:02]} 27. Nc3
{[%clk 00:20:58]} {[%emt 00:00:48]} 1-0